COM+ programming from the ground up (Record no. 6264)

000 -LEADER
fixed length control field 00859 a2200217 4500
020 ## - INTERNATIONAL STANDARD BOOK NUMBER
International Standard Book Number 0070420564
040 ## - CATALOGING SOURCE
Original cataloging agency DLC
Language of cataloging DLC
082 00 - DEWEY DECIMAL CLASSIFICATION NUMBER
Classification number 005.2768
100 1# - MAIN ENTRY--PERSONAL NAME
Personal name Michaelis, Mark.
245 10 - TITLE STATEMENT
Title COM+ programming from the ground up
Statement of responsibility, etc. Mark Michaelis.
260 ## - PUBLICATION, DISTRIBUTION, ETC.
Place of publication, distribution, etc. Berkeley, Calif. ;
-- London :
Name of publisher, distributor, etc. Osborne/McGraw-Hill,
Date of publication, distribution, etc. c2000.
300 ## - PHYSICAL DESCRIPTION
Extent xix, 652 p. :
Other physical details ill. ;
Dimensions 24 cm.
500 ## - GENERAL NOTE
General note Includes index.
650 #0 - SUBJECT ADDED ENTRY--TOPICAL TERM
Topical term or geographic name entry element COM (Computer architecture)
650 #0 - SUBJECT ADDED ENTRY--TOPICAL TERM
Topical term or geographic name entry element Computer programming.
700 1# - ADDED ENTRY--PERSONAL NAME
Personal name Schildt, Herbert.
856 42 - ELECTRONIC LOCATION AND ACCESS
Materials specified Contributor biographical information
Uniform Resource Identifier <a href="http://www.loc.gov/catdir/enhancements/fy0707/00711032-b.html">http://www.loc.gov/catdir/enhancements/fy0707/00711032-b.html</a>
856 42 - ELECTRONIC LOCATION AND ACCESS
Materials specified Publisher description
Uniform Resource Identifier <a href="http://www.loc.gov/catdir/enhancements/fy0707/00711032-d.html">http://www.loc.gov/catdir/enhancements/fy0707/00711032-d.html</a>
856 42 - ELECTRONIC LOCATION AND ACCESS
Materials specified Table of contents only
Uniform Resource Identifier <a href="http://www.loc.gov/catdir/enhancements/fy0707/00711032-t.html">http://www.loc.gov/catdir/enhancements/fy0707/00711032-t.html</a>
942 ## - ADDED ENTRY ELEMENTS (KOHA)
Koha item type Book
Call number prefix 005.2768 MIC
Source of classification or shelving scheme
Holdings
Withdrawn status Lost status Damaged status Not for loan Collection code Permanent Location Current Location Shelving location Date acquired Source of acquisition Cost, normal purchase price Total Checkouts Full call number Barcode Date last seen Price effective from Koha item type
          Central Library (CL) Central Library (CL) First Floor - Software Engineering/ Programming Language 07/17/2001 Pak American 700.00   005.2768 MIC SEECS001067 11/14/2012 01/05/2017 Book
          Central Library (CL) Central Library (CL) First Floor - Software Engineering/ Programming Language 07/17/2001 Pak American 700.00   005.2768 MIC SEECS001066 11/14/2012 01/05/2017 Book
© 2023 Central Library, National University of Sciences and Technology. All Rights Reserved.